Suomen keskussairaalat - Statistics

Yleistilastot
  • Tätä visaa on pelattu 48 kertaa
  • Keskiarvotulos 17 / 21
Vastaustilastot
% Oikein
Yliopistollinen keskussairaala Helsinki
100%
Yliopistollinen keskussairaala Tampere
100%
Yliopistollinen keskussairaala Oulu
98%
Yliopistollinen keskussairaala Turku
98%
Yliopistollinen keskussairaala Kuopio
93%
Keskussairaala Rovaniemi
93%
Keskussairaala Jyväskylä
91%
Keskussairaala Pori
91%
Keskussairaala Lappeenranta
86%
Keskussairaala Vaasa
86%
Keskussairaala Joensuu
81%
Keskussairaala Mikkeli
79%
Keskussairaala Kajaani
77%
Keskussairaala Kokkola
74%
Keskussairaala Lahti
74%
Keskussairaala Hämeenlinna
70%
Keskussairaala Kemi
70%
Keskussairaala Kotka
70%
Keskussairaala Seinäjoki
67%
Keskussairaala Savonlinna
65%
Keskussairaala Maarianhamina
58%
Ehtoja vastaavia visoja ei löytynyt
Tulosjakauma
Jokaisen tuloksen saaneiden osuus
Persentiili vastausten määrän mukaan
Tuloshistoriasi
Et ole pelannut tätä visaa